Geodézie I. [Díl] 2 /

Hlavní autor: Zeman, Josef, 1919-
Korporativní autor: Vysoké učení technické v Brně. Stavební fakulta
Jazyk: Čeština
Vydáno: Praha : Státní nakladatelství technické literatury, 1986
Vydání: 2. nezm. vyd.
Témata:
Fyzický popis: 251 s.
Knihy
Uloženo v:
LEADER 01183nam a22003012a 4500
001 000192225
003 CZ BrMZK
005 20071001085923.0
007 ta
008 970103s1986 xr f cze d
015 |a cnb000015977 
035 |a (OCoLC)39413769 
040 |a BOA001  |b cze 
080 9 |a 528.02(075.8) 
100 1 |a Zeman, Josef,  |d 1919-  |7 jk01152480  |4 aut 
245 1 0 |a Geodézie I.  |n [Díl] 2 /  |c Josef Zeman 
250 |a 2. nezm. vyd. 
260 |a Praha :  |b Státní nakladatelství technické literatury,  |c 1986 
300 |a 251 s. 
550 |a Vydavatel: Vysoké učení technické v Brně, Stavební fakulta 
710 2 |a Vysoké učení technické v Brně.  |b Stavební fakulta  |7 kn20010709423 
910 |a BOA001  |b TK-A-0229.745,2  |b 4-0906.517,2 
920 |a 000111499 
964 |a Geodézie - učebnice - vysoké školy 
990 |a BK 
996 7 |b 2619967286  |c 4-0906.517,2  |l MZK  |r Sklad / do 1 hodiny  |n 15  |w 000192225  |u 000050  |a 1  |e BOA001  |j MZK50  |s A 
996 7 |b 2629977371  |c TK-A-0229.745/2  |l MZK  |r Sklad / do 24 hodin  |n 6  |w 000192225  |u 000010  |a 1  |e BOA001  |j MZK50  |s A 
996 7 |b 2629991088  |c TK-A-0229.745/2  |l MZK  |r Sklad / do 24 hodin  |n 2  |w 000192225  |u 000020  |a 1  |e BOA001  |j MZK50  |s A